<?xml version="1.0" encoding="UTF-8"?>
<collection xmlns="http://www.loc.gov/MARC21/slim">
<record>
  <controlfield tag="001">117386</controlfield>
  <controlfield tag="005">20230622083327.0</controlfield>
  <datafield tag="024" ind1="7" ind2=" ">
    <subfield code="2">doi</subfield>
    <subfield code="a">10.17398/1988-8430.35.1.137</subfield>
  </datafield>
  <datafield tag="024" ind1="8" ind2=" ">
    <subfield code="2">sideral</subfield>
    <subfield code="a">126765</subfield>
  </datafield>
  <datafield tag="037" ind1=" " ind2=" ">
    <subfield code="a">ART-2021-126765</subfield>
  </datafield>
  <datafield tag="041" ind1=" " ind2=" ">
    <subfield code="a">spa</subfield>
  </datafield>
  <datafield tag="100" ind1=" " ind2=" ">
    <subfield code="a">Horno-Chéliz M. del Carmen</subfield>
    <subfield code="u">Universidad de Zaragoza</subfield>
    <subfield code="0">(orcid)0000-0001-9499-4015</subfield>
  </datafield>
  <datafield tag="245" ind1=" " ind2=" ">
    <subfield code="a">Enseñar morfología en Educación Secundaria de un modo inductivo. El humor como herramienta del análisis morfológico / Teaching Morphology in High School in an Inductive Way. Humor as a tool for morphological analysis</subfield>
  </datafield>
  <datafield tag="260" ind1=" " ind2=" ">
    <subfield code="c">2021</subfield>
  </datafield>
  <datafield tag="506" ind1="0" ind2=" ">
    <subfield code="a">Access copy available to the general public</subfield>
    <subfield code="f">Unrestricted</subfield>
  </datafield>
  <datafield tag="520" ind1="3" ind2=" ">
    <subfield code="a">El objetivo de este artículo es presentar una serie de ejercicios para enseñar morfología en el aula de secundaria de un modo diferente. Todos ellos se apoyan en juegos de palabras, chistes lingüísticos o ejemplos reales para que sean los estudiantes los que extraigan, a partir de ahí, el comportamiento morfológico de su lengua. El punto de partida es que los procesos morfológicos están presentes en la vida cotidiana de los estudiantes. Son procesos que usamos para crear nuevas palabras, para entender los neologismos, para expresar emociones o para condensar significados a través de la gramática. Con estos ejercicios, se trata de transmitir a los estudiantes que el conocimiento de la lengua radica en su propia reflexión metalingüística y es un conocimiento significativo. Se fomentan competencias básicas como la observación de la realidad, la reflexión y el espíritu crítico. Además, al introducir el humor en el aula, tratamos de crear un clima adecuado para la formación, al mismo tiempo que se fomenta la desautomatización de los procesos lingüísticos.</subfield>
  </datafield>
  <datafield tag="536" ind1=" " ind2=" ">
    <subfield code="9">info:eu-repo/grantAgreement/ES/MICINN/PID2019-111198GB-I00</subfield>
    <subfield code="9">info:eu-repo/grantAgreement/ES/MINECO-FEDER/FFI2017-82460-P</subfield>
  </datafield>
  <datafield tag="540" ind1=" " ind2=" ">
    <subfield code="9">info:eu-repo/semantics/openAccess</subfield>
    <subfield code="a">by-nc-nd</subfield>
    <subfield code="u">http://creativecommons.org/licenses/by-nc-nd/3.0/es/</subfield>
  </datafield>
  <datafield tag="592" ind1=" " ind2=" ">
    <subfield code="a">0.268</subfield>
    <subfield code="b">2021</subfield>
  </datafield>
  <datafield tag="593" ind1=" " ind2=" ">
    <subfield code="a">Music</subfield>
    <subfield code="c">2021</subfield>
    <subfield code="d">Q1</subfield>
  </datafield>
  <datafield tag="593" ind1=" " ind2=" ">
    <subfield code="a">Linguistics and Language</subfield>
    <subfield code="c">2021</subfield>
    <subfield code="d">Q1</subfield>
  </datafield>
  <datafield tag="594" ind1=" " ind2=" ">
    <subfield code="a">0.7</subfield>
    <subfield code="b">2021</subfield>
  </datafield>
  <datafield tag="655" ind1=" " ind2="4">
    <subfield code="a">info:eu-repo/semantics/article</subfield>
    <subfield code="v">info:eu-repo/semantics/publishedVersion</subfield>
  </datafield>
  <datafield tag="710" ind1="2" ind2=" ">
    <subfield code="1">3013</subfield>
    <subfield code="2">575</subfield>
    <subfield code="a">Universidad de Zaragoza</subfield>
    <subfield code="b">Dpto. Lingüíst.y Liter.Hispán.</subfield>
    <subfield code="c">Área Lingüística General</subfield>
  </datafield>
  <datafield tag="773" ind1=" " ind2=" ">
    <subfield code="g">35, 1 (2021), 137-174</subfield>
    <subfield code="p">Tejuelo (Trujillo)</subfield>
    <subfield code="t">Tejuelo</subfield>
    <subfield code="x">1988-8430</subfield>
  </datafield>
  <datafield tag="856" ind1="4" ind2=" ">
    <subfield code="s">1202960</subfield>
    <subfield code="u">http://zaguan.unizar.es/record/117386/files/texto_completo.pdf</subfield>
    <subfield code="y">Versión publicada</subfield>
  </datafield>
  <datafield tag="856" ind1="4" ind2=" ">
    <subfield code="s">910699</subfield>
    <subfield code="u">http://zaguan.unizar.es/record/117386/files/texto_completo.jpg?subformat=icon</subfield>
    <subfield code="x">icon</subfield>
    <subfield code="y">Versión publicada</subfield>
  </datafield>
  <datafield tag="909" ind1="C" ind2="O">
    <subfield code="o">oai:zaguan.unizar.es:117386</subfield>
    <subfield code="p">articulos</subfield>
    <subfield code="p">driver</subfield>
  </datafield>
  <datafield tag="951" ind1=" " ind2=" ">
    <subfield code="a">2023-06-21-15:03:38</subfield>
  </datafield>
  <datafield tag="980" ind1=" " ind2=" ">
    <subfield code="a">ARTICLE</subfield>
  </datafield>
</record>
</collection>